[Event "PRO League KO Stage 2019"]
[Site "chess.com INT"]
[Date "2019.05.04"]
[Round "3"]
[White "Caruana, Fabiano"]
[Black "Sargsyan, Shant"]
[Result "1-0"]
[WhiteTitle "GM"]
[BlackTitle "IM"]
[WhiteElo "2828"]
[BlackElo "2488"]
[WhiteTeam "Saint Louis Arch Bishops"]
[BlackTeam "Armenia Eagles"]
[WhiteFideId "2020009"]
[BlackFideId "13306766"]
[EventDate "2019.03.19"]

1. e4 e5 2. Nf3 Nc6 3. Bb5 a6 4. Ba4 Nf6 5. d3 Bc5 6. c3 d6 7. Nbd2 O-O 8. Nf1
Ng4 9. d4 exd4 10. cxd4 Nxd4 11. Nxd4 Nxf2 12. Kxf2 Qf6+ 13. Ke3 Bg4 14. Qd2 d5
15. b4 Bd6 16. Kd3 dxe4+ 17. Kc2 c5 18. Ne3 cxd4 19. Nxg4 Qe6 20. h3 Rac8+ 21.
Kb1 h5 22. Bb3 Qg6 23. Qxd4 e3+ 24. Kb2 hxg4 25. Bxe3 Rfe8 26. Bf4 Be7 27. Be5
Rcd8 28. Qxg4 Qxg4 29. hxg4 Bxb4 30. Raf1 Rxe5 31. Rxf7 Re2+ 32. Kb1 Rde8 33.
Rf6+ 1-0

[Event "PRO League KO Stage 2019"]
[Site "chess.com INT"]
[Date "2019.05.05"]
[Round "3"]
[White "Caruana, Fabiano"]
[Black "Martirosyan, Haik M."]
[Result "1-0"]
[WhiteTitle "GM"]
[BlackTitle "GM"]
[WhiteElo "2828"]
[BlackElo "2616"]
[WhiteTeam "Saint Louis Arch Bishops"]
[BlackTeam "Armenia Eagles"]
[WhiteFideId "2020009"]
[BlackFideId "13306553"]
[EventDate "2019.03.19"]

1. e4 e6 2. d4 d5 3. Nc3 dxe4 4. Nxe4 Nd7 5. Nf3 Be7 6. Be3 Ngf6 7. Nxf6+ Nxf6
8. Qd2 a6 9. O-O-O b5 10. Bd3 Bb7 11. h4 Bd5 12. Kb1 b4 13. Ne5 Nd7 14. Qe2 c6
15. Qg4 Bf6 16. f4 a5 17. Rhe1 h5 18. Qh3 g6 19. g3 a4 20. Qf1 Be7 21. Bc1 a3
22. b3 Nf6 23. Qe2 Rg8 24. Rg1 Qb6 25. Be3 Qc7 26. Rc1 Ne4 27. Bxe4 Bxe4 28. Bd2
Bd5 29. Qd3 Rd8 30. g4 hxg4 31. Rxg4 f5 32. Rxg6 Rxg6 33. Nxg6 Be4 34. Qc4 Bd5
35. Qe2 Bd6 36. Ne5 Qh7 37. h5 Bf8 38. Rg1 Be4 39. Be3 Ra8 40. Rg6 Bd5 41. Bd2
Ra7 42. Nxc6 Rg7 43. Ne5 Rxg6 44. Qb5+ Ke7 45. Qd7+ 1-0

[Event "PRO League KO Stage 2019"]
[Site "chess.com INT"]
[Date "2019.05.05"]
[Round "3"]
[White "Sargsyan, Anna M."]
[Black "Theodorou, Nikolas"]
[Result "0-1"]
[WhiteTitle "WFM"]
[BlackTitle "IM"]
[WhiteElo "2340"]
[BlackElo "2551"]
[WhiteTeam "Armenia Eagles"]
[BlackTeam "Saint Louis Arch Bishops"]
[WhiteFideId "13308130"]
[BlackFideId "4262875"]
[EventDate "2019.03.19"]

1. d4 Nf6 2. c4 g6 3. g3 Bg7 4. Bg2 O-O 5. Nc3 Nc6 6. d5 Ne5 7. b3 d6 8. Bb2 c5
9. f4 Neg4 10. Qd2 e5 11. dxe6 fxe6 12. h3 Nh6 13. g4 Nf7 14. O-O-O Rb8 15. Nb5
Ne8 16. Bxg7 Kxg7 17. Qb2+ Kg8 18. Nc3 b5 19. cxb5 d5 20. e3 a6 21. bxa6 Qa5 22.
Nf3 Ned6 23. Nd2 c4 24. a7 Qxa7 25. Bxd5 exd5 26. Nxd5 Nd8 27. Nf6+ Rxf6 28.
Qxf6 N8f7 29. Qd4 Qxa2 30. Qb2 Qa5 31. Kc2 Be6 32. Ra1 cxb3+ 33. Kd1 Qd5 34. Ke2
Qg2+ 35. Kd3 Nb5 36. e4 Rd8+ 37. Ke3 Qg3+ 38. Nf3 Nfd6 39. Qf2 Nc4+ 40. Ke2 Nc3+
41. Ke1 Qxf4 0-1

[Event "PRO League KO Stage 2019"]
[Site "chess.com INT"]
[Date "2019.05.05"]
[Round "3"]
[White "Sargsyan, Shant"]
[Black "Proleiko, Julian"]
[Result "1-0"]
[WhiteTitle "IM"]
[WhiteElo "2488"]
[BlackElo "2153"]
[WhiteTeam "Armenia Eagles"]
[BlackTeam "Saint Louis Arch Bishops"]
[WhiteFideId "13306766"]
[BlackFideId "30900255"]
[EventDate "2019.03.19"]

1. c4 e5 2. g3 Nf6 3. Bg2 Nc6 4. Nc3 Bb4 5. e4 Bxc3 6. bxc3 d6 7. d3 a6 8. a4
O-O 9. Ne2 Rb8 10. O-O b5 11. axb5 axb5 12. cxb5 Rxb5 13. f4 Be6 14. c4 Rb8 15.
f5 Bd7 16. Bg5 Ra8 17. Rxa8 Qxa8 18. Nc3 Qa5 19. Bxf6 Qxc3 20. Qg4 g6 21. Qg5 1-0

[Event "PRO League KO Stage 2019"]
[Site "chess.com INT"]
[Date "2019.05.05"]
[Round "3"]
[White "Bok, Benjamin"]
[Black "Andriasian, Zaven"]
[Result "1-0"]
[WhiteTitle "GM"]
[BlackTitle "GM"]
[WhiteElo "2638"]
[BlackElo "2600"]
[WhiteTeam "Saint Louis Arch Bishops"]
[BlackTeam "Armenia Eagles"]
[WhiteFideId "1017063"]
[BlackFideId "13302000"]
[EventDate "2019.03.19"]

1. Nf3 d5 2. g3 Bg4 3. Bg2 Nd7 4. c4 e6 5. Qb3 Nc5 6. Qc2 Nf6 7. O-O Be7 8. d4
Bf5 9. Qd1 Nce4 10. Qb3 O-O 11. Nc3 Nxc3 12. bxc3 Be4 13. cxd5 Bxd5 14. c4 Be4
15. Rd1 Qc8 16. Bb2 Rd8 17. Ne5 Bxg2 18. Kxg2 c6 19. Rab1 Nd7 20. Nf3 c5 21. d5
exd5 22. cxd5 c4 23. Qc2 b5 24. d6 Bf8 25. Ng5 g6 26. Qe4 c3 27. Qd5 Ne5 28.
Qxe5 cxb2 29. Rxb2 Qc6+ 30. Qd5 Rxd6 31. Qxc6 Rxc6 32. Rxb5 Rc2 33. Rd7 Rxe2 34.
Rbb7 Rxa2 35. Rxf7 Bc5 36. Rg7+ Kf8 37. Rbf7+ 1-0

[Event "PRO League KO Stage 2019"]
[Site "chess.com INT"]
[Date "2019.05.05"]
[Round "3"]
[White "Martirosyan, Haik M."]
[Black "Bok, Benjamin"]
[Result "1/2-1/2"]
[WhiteTitle "GM"]
[BlackTitle "GM"]
[WhiteElo "2616"]
[BlackElo "2638"]
[WhiteTeam "Armenia Eagles"]
[BlackTeam "Saint Louis Arch Bishops"]
[WhiteFideId "13306553"]
[BlackFideId "1017063"]
[EventDate "2019.03.19"]

1. d4 Nf6 2. Nf3 d5 3. c4 e6 4. Nc3 c6 5. Bg5 h6 6. Bxf6 Qxf6 7. e3 g6 8. Be2
Bg7 9. O-O O-O 10. Ne5 Qe7 11. f4 dxc4 12. Ne4 b6 13. Nxc4 Rd8 14. Qc2 Bb7 15.
Bf3 Na6 16. a3 c5 17. dxc5 Nxc5 18. Rad1 Bxe4 19. Bxe4 Rac8 20. Bf3 Qc7 21.
Rxd8+ Rxd8 22. b4 Nd3 23. Be2 Nb2 24. Rc1 Rc8 25. b5 Nxc4 26. Qxc4 Qxc4 27. Rxc4
Rxc4 28. Bxc4 Kf8 1/2-1/2

[Event "PRO League KO Stage 2019"]
[Site "chess.com INT"]
[Date "2019.05.05"]
[Round "3"]
[White "Proleiko, Julian"]
[Black "Sargsyan, Anna M."]
[Result "0-1"]
[BlackTitle "WFM"]
[WhiteElo "2153"]
[BlackElo "2340"]
[WhiteTeam "Saint Louis Arch Bishops"]
[BlackTeam "Armenia Eagles"]
[WhiteFideId "30900255"]
[BlackFideId "13308130"]
[EventDate "2019.03.19"]

1. e4 c6 2. d4 d5 3. exd5 cxd5 4. Bd3 Nc6 5. c3 Qc7 6. Ne2 Bg4 7. O-O Nf6 8. Qe1
Bxe2 9. Qxe2 e6 10. Nd2 Bd6 11. Nf3 h6 12. Re1 Nd7 13. c4 O-O 14. cxd5 exd5 15.
Be3 Rae8 16. Rac1 Nf6 17. Bb5 Ng4 18. Bxc6 bxc6 19. h3 Nxe3 20. fxe3 Bg3 21. Rf1
Re6 22. Rc3 Rfe8 23. Qd2 Qe7 24. Ne5 Bxe5 25. dxe5 Qg5 26. Qd4 Rg6 27. Rf2 Rxe5
28. Qxa7 Rf5 29. Rcc2 Rgf6 30. Rxf5 Qxf5 31. Rxc6 Qf1+ 32. Kh2 Rf2 33. Qb8+ Kh7
34. Qg3 Rxb2 35. Rc7 Rb1 36. Qf3 Qg1+ 37. Kg3 Rf1 38. Qe2 Rf6 39. Rc2 Rg6+ 40.
Kh4 d4 41. exd4 Qxd4+ 42. g4 Re6 43. Qf2 g5+ 44. Kh5 Qg7 45. Qf5+ Qg6+ 46. Qxg6+
fxg6# 0-1

[Event "PRO League KO Stage 2019"]
[Site "chess.com INT"]
[Date "2019.05.05"]
[Round "3"]
[White "Theodorou, Nikolas"]
[Black "Sargsyan, Shant"]
[Result "1/2-1/2"]
[WhiteTitle "IM"]
[BlackTitle "IM"]
[WhiteElo "2551"]
[BlackElo "2488"]
[WhiteTeam "Saint Louis Arch Bishops"]
[BlackTeam "Armenia Eagles"]
[WhiteFideId "4262875"]
[BlackFideId "13306766"]
[EventDate "2019.03.19"]

1. e4 e5 2. Nf3 Nc6 3. Nc3 Nf6 4. Bb5 Nd4 5. O-O Nxb5 6. Nxb5 c6 7. Nc3 d6 8. d4
Qc7 9. Bg5 Be7 10. h3 O-O 11. a4 a5 12. Qd3 h6 13. Bxf6 Bxf6 14. d5 Be7 15. Qc4
Qb6 16. Ra3 Bd7 17. Rb3 Qa7 18. Rd1 Rac8 19. Qe2 f5 20. Qe3 Qxe3 21. fxe3 fxe4
22. Nd2 Bg5 23. Ndxe4 Bxe3+ 24. Kh1 Bd4 25. Nxd6 Rb8 26. Nxb7 cxd5 27. Nxa5 Ra8
28. Rb7 Be8 29. Nb3 Bxc3 30. bxc3 Bxa4 31. Re7 Rf2 32. Rxe5 Rxc2 33. Ra1 Rxc3
34. Nd4 Kh7 35. Re7 Re8 36. Ra7 Bc2 37. Rc1 Rec8 38. Ne6 Rxh3+ 39. gxh3 Be4+ 40.
Kh2 Rxc1 41. Rxg7+ Kh8 42. Re7 Bf5 43. Nf4 Be4 44. Ne6 Rf1 45. Kg3 Rf6 46. Nc5
Bg6 47. Re6 Rxe6 48. Nxe6 Kg8 49. Kf4 Kf7 50. Ke5 Be4 51. Nf4 1/2-1/2

[Event "PRO League KO Stage 2019"]
[Site "chess.com INT"]
[Date "2019.05.05"]
[Round "3"]
[White "Andriasian, Zaven"]
[Black "Caruana, Fabiano"]
[Result "0-1"]
[WhiteTitle "GM"]
[BlackTitle "GM"]
[WhiteElo "2600"]
[BlackElo "2828"]
[WhiteTeam "Armenia Eagles"]
[BlackTeam "Saint Louis Arch Bishops"]
[WhiteFideId "13302000"]
[BlackFideId "2020009"]
[EventDate "2019.03.19"]

1. e4 e5 2. Nf3 Nc6 3. Bc4 Nf6 4. d3 h6 5. Nbd2 d6 6. c3 g5 7. Nf1 g4 8. N3d2
Bg7 9. Ne3 h5 10. a4 Qe7 11. a5 a6 12. Ndf1 h4 13. Qb3 Rb8 14. Nd5 Nxd5 15. exd5
Nd8 16. Bxa6 O-O 17. Bc4 Ra8 18. h3 gxh3 19. gxh3 f5 20. Qd1 e4 21. Kd2 Nf7 22.
Kc2 Ne5 23. Bf4 Bd7 24. Rg1 b5 25. Bxe5 Qxe5 26. d4 Qf4 27. Be2 Qxf2 28. Nd2 Rf7
29. a6 f4 30. Bh5 Re7 31. Kb3 b4 32. a7 bxc3 33. bxc3 c5 34. Nc4 Bb5 35. Nxd6
c4+ 36. Kb4 Qb2+ 37. Kc5 Rc7+ 38. Kb6 Ba4+ 39. Kxc7 Rxa7+ 40. Kc8 Bd7+ 41. Kd8
Qb8+ 42. Ke7 Qf8# 0-1

[Event "PRO League KO Stage 2019"]
[Site "chess.com INT"]
[Date "2019.05.05"]
[Round "4"]
[White "Zhao, Jun"]
[Black "Martirosyan, Haik M."]
[Result "0-1"]
[WhiteTitle "GM"]
[BlackTitle "GM"]
[WhiteElo "2627"]
[BlackElo "2616"]
[WhiteTeam "Chengdu Pandas"]
[BlackTeam "Armenia Eagles"]
[WhiteFideId "8602522"]
[BlackFideId "13306553"]
[EventDate "2019.03.19"]

1. d4 Nf6 2. Bf4 e6 3. e3 b6 4. Nf3 Bb7 5. h3 Bd6 6. Bxd6 cxd6 7. Be2 d5 8. O-O
O-O 9. a4 a6 10. c3 d6 11. Nbd2 Nbd7 12. Qb3 Qe7 13. Qa3 Rfe8 14. Rfc1 Rac8 15.
Bf1 Rc7 16. Rc2 Rec8 17. Rac1 Kf8 18. Ne1 Ne4 19. Nd3 Nxd2 20. Rxd2 g6 21. Rdc2
Kg7 22. Re1 Nf6 23. Nb4 Ra8 24. Rec1 h5 25. b3 a5 26. Na2 Rac8 27. c4 Ba6 28.
Qb2 h4 29. Rc3 Ne4 30. R3c2 Nf6 31. Rc3 Bb7 32. b4 axb4 33. Nxb4 dxc4 34. Rxc4
Rxc4 35. Rxc4 Rxc4 36. Bxc4 Qc7 37. Bf1 Kg8 38. Na2 Nd5 39. Qe2 Bc6 40. Qc4 Qd7
41. Nb4 Bxa4 42. Nxd5 exd5 43. Qxd5 b5 44. e4 b4 45. Bc4 Bc6 46. Qg5 Bxe4 47.
Qxh4 Qc6 48. Bf1 b3 49. Qd8+ Kg7 50. Qb8 Bd5 51. Qb4 Qc1 52. Qxd6 Bc4 53. Qe5+
Kg8 54. Qb8+ Kh7 0-1

[Event "PRO League KO Stage 2019"]
[Site "chess.com INT"]
[Date "2019.05.05"]
[Round "4"]
[White "Sargsyan, Anna M."]
[Black "Li, Chao b"]
[Result "0-1"]
[WhiteTitle "WFM"]
[BlackTitle "GM"]
[WhiteElo "2340"]
[BlackElo "2699"]
[WhiteTeam "Armenia Eagles"]
[BlackTeam "Chengdu Pandas"]
[WhiteFideId "13308130"]
[BlackFideId "8604436"]
[EventDate "2019.03.19"]

1. d4 b6 2. e4 Bb7 3. Bd3 e6 4. Nf3 c5 5. c3 Nf6 6. Qe2 Be7 7. O-O d5 8. exd5
Nxd5 9. Bb5+ Kf8 10. Be3 a6 11. Bd3 Nd7 12. Nbd2 Qc7 13. g3 Qc6 14. Be4 f5 15.
Bd3 b5 16. c4 bxc4 17. Bxc4 Bf6 18. Rac1 Re8 19. Bg5 Bxg5 20. Nxg5 cxd4 21. Bd3
Nf4 22. Rxc6 Nxe2+ 23. Bxe2 Bxc6 24. Rc1 Bb5 25. Bxb5 axb5 26. Rc7 Ke7 27. Ndf3
Rc8 28. Rb7 Rb8 29. Ra7 Ra8 30. Rb7 Rhb8 31. Rc7 Kd6 32. Rc2 h6 33. Nf7+ Ke7 34.
N7e5 Nxe5 35. Nxe5 Kd6 36. f4 Rxa2 37. Rd2 Kd5 38. Nf3 Ra4 39. Kf2 Rc8 40. b3
Rb4 41. Rd3 Rc3 0-1

[Event "PRO League KO Stage 2019"]
[Site "chess.com INT"]
[Date "2019.05.05"]
[Round "4"]
[White "Zhang, Di"]
[Black "Andriasian, Zaven"]
[Result "0-1"]
[BlackTitle "GM"]
[WhiteElo "1966"]
[BlackElo "2600"]
[WhiteTeam "Chengdu Pandas"]
[BlackTeam "Armenia Eagles"]
[WhiteFideId "8616590"]
[BlackFideId "13302000"]
[EventDate "2019.03.19"]

1. d4 Nf6 2. c4 d6 3. Nf3 g6 4. g3 Bg7 5. Bg2 O-O 6. O-O Nbd7 7. Nc3 e5 8. dxe5
dxe5 9. Bg5 h6 10. Bxf6 Bxf6 11. Qd2 Bg7 12. Rfd1 Re8 13. e3 f5 14. Nh4 Kh7 15.
e4 f4 16. Bh3 Qe7 17. Nd5 Qd6 18. Qe2 fxg3 19. hxg3 Nf8 20. Bxc8 Raxc8 21. b4
Qe6 22. c5 h5 23. Rd3 Qg8 24. Kg2 Re6 25. g4 Qf7 26. Rh1 c6 27. Rf3 Qe8 28. Ne3
Kg8 29. gxh5 gxh5 30. Rg3 Rc7 31. Nhf5 Ng6 32. Kh2 Nf4 33. Qf3 Rg6 34. Rhg1 Rxg3
35. Qxg3 Qf8 36. Qg5 Kh7 37. Rg3 Bf6 38. Qh6+ Qxh6 39. Nxh6 Kxh6 40. Nf5+ Kh7
41. Ra3 a6 42. Rb3 Rd7 43. a4 Rd2 44. Kg3 h4+ 45. Kg4 Rxf2 46. Nd6 Kg6 47. Nxb7
Rg2+ 0-1

[Event "PRO League KO Stage 2019"]
[Site "chess.com INT"]
[Date "2019.05.05"]
[Round "4"]
[White "Sargsyan, Shant"]
[Black "Wang, Yue"]
[Result "0-1"]
[WhiteTitle "IM"]
[BlackTitle "GM"]
[WhiteElo "2488"]
[BlackElo "2684"]
[WhiteTeam "Armenia Eagles"]
[BlackTeam "Chengdu Pandas"]
[WhiteFideId "13306766"]
[BlackFideId "8601429"]
[EventDate "2019.03.19"]

1. d4 Nf6 2. c4 e6 3. Nf3 Bb4+ 4. Bd2 a5 5. g3 b6 6. Bg2 Bb7 7. O-O O-O 8. Bf4
Na6 9. c5 a4 10. a3 Ba5 11. Qxa4 Ne4 12. Ng5 Bc6 13. Qc4 Nxg5 14. b4 Ne4 15. Nd2
Nxd2 16. Bxd2 Bxg2 17. Kxg2 bxc5 18. dxc5 d6 19. bxa5 Nxc5 20. Rfc1 Qd7 21. Bb4
Na6 22. Qc6 Qxc6+ 23. Rxc6 Rfb8 24. Rac1 Kf8 25. e4 Ke8 26. Rxa6 Rxa6 27. Rxc7
Rba8 28. f4 h5 29. Kf3 g6 30. h3 R8a7 31. Rc8+ Kd7 32. Rf8 Ke7 33. Rb8 Rxa5 34.
Bxa5 Rxa5 35. Rb7+ Kf6 36. Rb3 Ra4 37. Rd3 Ke7 38. g4 h4 39. g5 Kd7 40. Rb3 e5
41. fxe5 dxe5 42. Rb7+ Ke6 43. Rb6+ Ke7 44. Rb7+ Kf8 45. Rb3 Rc4 46. Re3 Rc2 47.
Kg4 Rg2+ 48. Kxh4 Ke7 49. a4 Ra2 50. Kg4 Rxa4 51. h4 Ra1 52. Re2 Rf1 53. Kg3
Rg1+ 54. Kf3 Ke6 55. Ra2 Rf1+ 56. Kg3 Re1 57. Kf3 Rh1 58. Kg3 Rf1 59. Ra6+ Kd7
60. Ra2 Rf4 61. Re2 Kc6 62. Re1 Kc5 63. Rh1 Kd4 64. h5 gxh5 65. Rxh5 Kxe4 66.
Rh7 Kd5 67. Rh6 Rf5 68. Kg4 Rf4+ 69. Kg3 Rf1 70. Kg4 Ke4 71. Ra6 Rf4+ 72. Kg3
Kf5 73. Ra5 Rg4+ 74. Kf3 Rxg5 75. Ra8 f6 76. Ra4 Rh5 77. Kg3 Rh7 78. Ra2 Rb7 0-1

[Event "PRO League KO Stage 2019"]
[Site "chess.com INT"]
[Date "2019.05.05"]
[Round "4"]
[White "Li, Chao b"]
[Black "Sargsyan, Shant"]
[Result "1/2-1/2"]
[WhiteTitle "GM"]
[BlackTitle "IM"]
[WhiteElo "2699"]
[BlackElo "2488"]
[WhiteTeam "Chengdu Pandas"]
[BlackTeam "Armenia Eagles"]
[WhiteFideId "8604436"]
[BlackFideId "13306766"]
[EventDate "2019.03.19"]

1. d4 Nf6 2. c4 e6 3. Nf3 d5 4. Nc3 Bb4 5. e3 O-O 6. Bd2 c5 7. a3 Bxc3 8. Bxc3
Ne4 9. Rc1 Nxc3 10. Rxc3 cxd4 11. Qxd4 Nc6 12. Qd2 dxc4 13. Bxc4 Qxd2+ 14. Kxd2
Rd8+ 15. Ke2 Bd7 16. Rhc1 Kf8 17. b4 Rac8 18. Bd3 Ne7 19. Ne5 Rxc3 20. Nxd7+
Rxd7 21. Rxc3 g6 22. f4 h5 23. Bb5 Rd5 24. Ba4 Rd6 25. Bb5 a6 26. Bd3 Nd5 27.
Rc8+ Ke7 28. Be4 Kd7 29. Rc2 b5 30. Rc5 Nb6 31. Bb7 Na4 32. Rc2 Rb6 33. Bc8+ Kd8
34. e4 Nb2 35. Rxb2 Kxc8 36. Rc2+ Kd7 37. h3 Rd6 38. g4 hxg4 39. hxg4 Rd4 40.
Ke3 Rd1 41. g5 Kd6 42. Rc3 Re1+ 43. Kd3 Rd1+ 44. Ke2 Ra1 45. Rd3+ Ke7 46. Ke3
Rf1 47. e5 Rc1 48. Kf3 Rc6 49. Kg4 Ke8 50. Rh3 Ke7 51. Rd3 Ke8 52. Kf3 Ke7 53.
Ke3 Rc4 54. Kf3 Rc6 55. Ke2 Rc2+ 56. Ke3 Rc4 57. Kf3 Rc6 58. Kg4 Ke8 59. Rg3 Ke7
60. Rh3 Rc4 61. Rd3 Rc6 62. Kf3 Rc1 63. Kg3 Rc6 64. Kf2 Rc2+ 65. Ke3 Rc4 66. Kf3
Rc1 67. Kg4 Rg1+ 68. Kh3 Rc1 69. Kg3 Rc6 70. Kg4 Ke8 1/2-1/2

[Event "PRO League KO Stage 2019"]
[Site "chess.com INT"]
[Date "2019.05.05"]
[Round "4"]
[White "Martirosyan, Haik M."]
[Black "Zhang, Di"]
[Result "1-0"]
[WhiteTitle "GM"]
[WhiteElo "2616"]
[BlackElo "1966"]
[WhiteTeam "Armenia Eagles"]
[BlackTeam "Chengdu Pandas"]
[WhiteFideId "13306553"]
[BlackFideId "8616590"]
[EventDate "2019.03.19"]

1. d4 Nf6 2. Nf3 e6 3. c4 d5 4. g3 Be7 5. Bg2 O-O 6. O-O Nbd7 7. Na3 c6 8. Bf4
a6 9. Rc1 Bxa3 10. bxa3 dxc4 11. Rxc4 Nd5 12. Bd2 Re8 13. e4 N5f6 14. e5 Nd5 15.
Ng5 h6 16. Ne4 a5 17. Rc1 Nb8 18. Qh5 Qe7 19. g4 Nd7 20. g5 hxg5 21. Bxg5 f6 22.
exf6 gxf6 23. Qg6+ Kh8 24. Rc3 Nxc3 25. Nxf6 Nxf6 26. Bxf6+ Qxf6 27. Qxf6+ Kg8
28. Kh1 Rf8 29. Qg6+ Kh8 30. Rg1 Bd7 31. Be4 1-0

[Event "PRO League KO Stage 2019"]
[Site "chess.com INT"]
[Date "2019.05.05"]
[Round "4"]
[White "Wang, Yue"]
[Black "Sargsyan, Anna M."]
[Result "1-0"]
[WhiteTitle "GM"]
[BlackTitle "WFM"]
[WhiteElo "2684"]
[BlackElo "2340"]
[WhiteTeam "Chengdu Pandas"]
[BlackTeam "Armenia Eagles"]
[WhiteFideId "8601429"]
[BlackFideId "13308130"]
[EventDate "2019.03.19"]

1. g3 d5 2. Nf3 Bg4 3. Bg2 Nd7 4. c4 e6 5. cxd5 exd5 6. h3 Bxf3 7. Bxf3 c6 8. d3
Ngf6 9. O-O Be7 10. Nc3 O-O 11. Bg2 Re8 12. e4 dxe4 13. dxe4 Bb4 14. Qc2 Qe7 15.
Bd2 Rad8 16. a3 Bc5 17. Rad1 Ne5 18. Bf4 Nh5 19. Bxe5 Qxe5 20. Kh2 Qg5 21. Ne2
Rxd1 22. Qxd1 Rd8 23. Qb3 Qd2 24. Qc4 Bb6 25. e5 g6 26. e6 fxe6 27. Qxe6+ Kh8
28. Qe5+ Ng7 29. Nf4 Qd4 30. Qe7 Qd7 31. Qh4 Kg8 32. Bf3 Rf8 33. Bg4 Qf7 34. Qg5
Bc7 35. Nd3 Nf5 36. Re1 Qd5 37. Bxf5 Qxf5 38. Qxf5 Rxf5 39. Kg2 Kf7 40. f4 Rd5
41. Re3 h6 42. Kf3 Kf6 43. Nf2 Kf7 44. Ne4 Bb6 45. Rb3 Rd7 46. g4 Bd4 47. Rd3
Ke7 48. b3 c5 49. a4 b6 50. f5 gxf5 51. gxf5 a6 52. Rd2 Rd5 53. Kg4 b5 54. axb5
axb5 55. Nxc5 h5+ 56. Kxh5 Rxf5+ 57. Kg4 Rxc5 58. Rxd4 Ke6 59. Re4+ Kd5 60. Rf4
Rc3 61. Rf5+ Kc6 62. Rf3 Rc1 63. h4 Kc5 64. h5 Rg1+ 65. Rg3 Rh1 66. Rh3 Rg1+ 67.
Kf5 Kb4 68. h6 Rg8 69. h7 Rh8 70. Kg6 Ka3 71. Kg7 1-0

[Event "PRO League KO Stage 2019"]
[Site "chess.com INT"]
[Date "2019.05.05"]
[Round "4"]
[White "Andriasian, Zaven"]
[Black "Zhao, Jun"]
[Result "0-1"]
[WhiteTitle "GM"]
[BlackTitle "GM"]
[WhiteElo "2600"]
[BlackElo "2627"]
[WhiteTeam "Armenia Eagles"]
[BlackTeam "Chengdu Pandas"]
[WhiteFideId "13302000"]
[BlackFideId "8602522"]
[EventDate "2019.03.19"]

1. e4 g6 2. d4 Bg7 3. Nc3 c6 4. Nf3 d5 5. h3 dxe4 6. Nxe4 Nd7 7. Be2 Ngf6 8. Ng3
O-O 9. O-O Qc7 10. Re1 e5 11. dxe5 Nxe5 12. Nxe5 Qxe5 13. Bf3 Qc7 14. c3 Be6 15.
Qa4 Bd5 16. Bxd5 Nxd5 17. Bd2 Qb6 18. Qc2 Rfe8 19. Ne4 h6 20. a3 f5 21. Nd6 Red8
22. Nc4 Qc7 23. Rad1 b5 24. Ne3 Nxe3 25. Bxe3 a5 26. Bc5 Qf7 27. Re7 Qc4 28. Bb6
Rxd1+ 29. Qxd1 Bf8 30. Rd7 Qe6 31. Rd3 a4 32. Re3 Qf7 33. Qf3 Rc8 34. Bd4 c5 35.
Be5 Rd8 36. Qc6 Rd1+ 37. Kh2 Rd2 38. Rg3 Kh7 39. Qxb5 Rxf2 40. Rd3 Qe6 41. Qb7+
Kg8 42. Qc7 Re2 43. Bd6 Rxg2+ 44. Kxg2 Qe2+ 45. Kg1 Qe1+ 46. Kg2 Qe2+ 47. Kg1
Qxd3 48. Bxf8 Qb1+ 49. Kf2 Qxb2+ 50. Kf1 Qc1+ 51. Kf2 Qd2+ 52. Kf1 Qd1+ 53. Kf2
Qd2+ 54. Kf1 Qd3+ 55. Kf2 Kxf8 56. Qxc5+ Kf7 57. h4 Qd2+ 58. Kf1 Qf4+ 59. Ke2
Qxh4 60. Qd5+ Kf8 61. Qa8+ Kf7 62. Qd5+ Kf8 63. Qa8+ Ke7 64. Qb7+ Ke6 65. Qb6+
Ke5 66. Qc7+ Ke6 67. Qb6+ Kf7 68. Qb5 Qe4+ 69. Kd2 h5 70. c4 Qd4+ 71. Ke2 h4 72.
c5 h3 73. Qb7+ Kf6 74. Qc6+ Kg5 75. Kf1 Qf4+ 76. Kg1 Qg3+ 77. Kh1 h2 78. Qg2
Qxg2+ 79. Kxg2 Kf6 80. c6 Ke6 81. c7 Kd7 0-1

[Event "PRO League KO Stage 2019"]
[Site "chess.com INT"]
[Date "2019.05.05"]
[Round "4"]
[White "Li, Chao b"]
[Black "Martirosyan, Haik M."]
[Result "1-0"]
[WhiteTitle "GM"]
[BlackTitle "GM"]
[WhiteElo "2699"]
[BlackElo "2616"]
[WhiteTeam "Chengdu Pandas"]
[BlackTeam "Armenia Eagles"]
[WhiteFideId "8604436"]
[BlackFideId "13306553"]
[EventDate "2019.03.19"]

1. d4 Nf6 2. c4 e6 3. Nf3 b6 4. a3 Bb7 5. Nc3 d5 6. cxd5 exd5 7. Bg5 Be7 8. e3
O-O 9. Bd3 Nbd7 10. Qc2 c6 11. O-O Re8 12. h3 Nf8 13. Ne5 N6d7 14. Bxe7 Qxe7 15.
Nxd7 Qxd7 16. b4 g6 17. a4 a5 18. Rfb1 axb4 19. Rxb4 Qd8 20. Rab1 Nd7 21. e4
dxe4 22. Nxe4 Qe7 23. Qd2 Ba6 24. Bc2 c5 25. Rxb6 Nxb6 26. Rxb6 Reb8 27. dxc5
Rxb6 28. cxb6 Bb7 29. Qe3 Bxe4 30. b7 Re8 31. Qxe4 Qd8 32. Qb4 Qc7 33. a5 Rb8
34. a6 Qxc2 35. a7 Qc1+ 36. Kh2 Qc7+ 37. g3 Qd8 38. Qe4 Rxb7 39. Qxb7 Qa8 40.
Qxa8+ 1-0

[Event "PRO League KO Stage 2019"]
[Site "chess.com INT"]
[Date "2019.05.05"]
[Round "4"]
[White "Sargsyan, Shant"]
[Black "Zhang, Di"]
[Result "1-0"]
[WhiteTitle "IM"]
[WhiteElo "2488"]
[BlackElo "1966"]
[WhiteTeam "Armenia Eagles"]
[BlackTeam "Chengdu Pandas"]
[WhiteFideId "13306766"]
[BlackFideId "8616590"]
[EventDate "2019.03.19"]

1. e4 c5 2. Nf3 e6 3. g3 Nc6 4. Bg2 d5 5. exd5 exd5 6. O-O Nf6 7. d4 cxd4 8.
Nxd4 Be7 9. Nc3 O-O 10. Be3 Bg4 11. Qd2 Qd7 12. Rfe1 Rad8 13. f3 Bh5 14. Nce2
Bg6 15. Nf4 Bc5 16. Rad1 Nxd4 17. Bxd4 Bxd4+ 18. Qxd4 Bxc2 19. Rd2 Bg6 20. Qxa7
Ra8 21. Qc5 Rfc8 22. Qd4 Ra4 23. b4 Qb5 24. Rb2 Qc4 25. Qd2 d4 26. Bh3 Rd8 27.
Ne6 Re8 28. Rc1 Qxc1+ 29. Qxc1 fxe6 30. Qd1 Ra3 31. Qxd4 Rxf3 32. Re2 Rd3 33.
Qa1 Bf7 34. Bg2 Red8 35. Re1 b6 36. a4 Rd2 37. a5 bxa5 38. bxa5 Nd5 39. a6 Ra8
40. a7 Rc2 41. Qe5 Rcc8 42. Ra1 h6 43. h4 Re8 44. Ra5 Red8 45. Ra4 Rdc8 46. Rg4
g6 47. Ra4 Kh7 48. Kh2 Kg8 49. Ra2 Kh7 50. Rf2 Kg8 51. Bxd5 exd5 52. Qe7 Rf8 53.
Qb7 Rae8 54. Rxf7 Rxf7 55. a8=Q Rxa8 56. Qxa8+ Kg7 57. Qxd5 h5 58. Kh3 Rf5 59.
Qd7+ Rf7 60. Qd4+ Kh7 61. Qe5 Kg8 62. Qd5 Kg7 63. g4 hxg4+ 64. Kxg4 Re7 65. h5
gxh5+ 66. Kxh5 Rf7 67. Kg5 Re7 68. Qd6 Rf7 69. Qe6 Kf8 70. Qc8+ Kg7 71. Qe8 Rf8
72. Qe5+ Kf7 73. Qc7+ Ke6 74. Qc6+ Kf7 75. Qd6 Rg8+ 76. Kf5 Kg7 77. Qg6+ Kf8 78.
Qf6+ Ke8 79. Ke6 1-0